00425nam a2200145Ia 4500008004100000020001800041082001400059100001900073245001600092260000800108500001100116942000700127952013000134999001500264260604s9999 xx 000 0 und d a9789349842342 a823.8 GAS aGASKELL935278 0aMARY BARTON bDPS aBarton cBK 00104070aIIMVbIIMVcGENERALd2026-06-04g1195.00l0o823.8 GASp003661r2026-06-04 10:18:44v1195.00w2026-06-04yBKBGAS c8043d8043